Former Formula 1 Teams By Logos - Statistics

General Stats
  • This quiz has been taken 430 times
  • The average score is 7 of 10
Answer Stats
Picture Answer % Correct
Renault
99%
Alfa Romeo
91%
Jaguar
88%
Alpha Tauri
83%
Lotus
77%
Force India
76%
Racing Point
70%
Sauber
70%
Benetton
51%
Brabham
13%
No matching quizzes found
Score Distribution
Percent of People with Each Score
Percentile by Number Answered
Your Score History
You have not taken this quiz